[Event "XIV C.to Europeo a squadre"]
[Site "Plovdiv BUL"]
[Date "2003.10.15"]
[Round "5.4"]
[White "Borgo, Giulio"]
[Black "Gengler, Pierre"]
[Result "1-0"]
[WhiteElo "2419"]
[BlackElo "2149"]
[Annotator "ITA-LUX"]
[PlyCount "77"]
[EventDate "2003.10.11"]

1.Nf3 c5 2.c4 g6 3.d4 cxd4 4.Nxd4 Nc6 5.e4 Bg7 6.Be3 Nf6 7.Nc3 d6 8.Be2 
O-O 9.Rc1 Nxd4 10.Bxd4 b6 11.O-O Bb7 12.f3 Qd7 13.Qd2 Rac8 14.b3 Bc6 15.a4
Qb7 16.Rfe1 Nd7 17.Bxg7 Kxg7 18.f4 Rcd8 19.b4 Qa8 20.Bf3 Kg8 21.Nd5 Bxd5 
22.exd5 Rfe8 23.h4 Nf6 24.f5 Qc8 25.g4 gxf5 26.Qg5+ Kh8 27.Rxe7 Nxg4 28.
Bxg4 Rg8 29.Qf6+ Rg7 30.Rxf7 Rg8 31.Re1 fxg4 32.Rxg7 Rxg7 33.Re7 Qg8 34.h5
h6 35.c5 dxc5 36.d6 Kh7 37.Qg6+ Kh8 38.Qxh6+ Rh7 39.Rxh7+ 1-0

[Event "XIV C.to Europeo a squadre"]
[Site "Plovdiv BUL"]
[Date "2003.10.19"]
[Round "8.4"]
[White "Berry, Neil"]
[Black "Borgo, Giulio"]
[Result "0-1"]
[WhiteElo "2300"]
[BlackElo "2419"]
[Annotator "ITA-SCO"]
[PlyCount "118"]
[EventDate "2003.10.11"]

1.Nf3 d5 2.d4 c6 3.c4 e6 4.Qc2 Nf6 5.Bg5 Nbd7 6.e3 Qa5+ 7.Nbd2 Ne4 8.cxd5 
exd5 9.Bd3 Nxg5 10.Nxg5 h6 11.Nf3 Bd6 12.O-O Qd8 13.Rab1 Qe7 14.e4 dxe4 
15.Nxe4 O-O 16.Rfe1 Nb6 17.Nc5 Qf6 18.Ne5 Bxc5 19.Qxc5 Be6 20.a3 Rfd8 21.
Be4 Bd5 22.f3 Qd6 23.Bxd5 Nxd5 24.Qxd6 Rxd6 25.Nc4 Rd7 26.Rbd1 Nf4 27.Rd2 
Rad8 28.Red1 Rxd4 29.Rxd4 Ne2+ 30.Kf2 Nxd4 31.b4 Kf8 32.Na5 b6 33.Nb3 Ne6 
34.Rxd8+ Nxd8 35.Nd4 g6 36.Ke3 Ke7 37.h4 Kd6 38.g4 Kd5 39.Kd3 Ne6 40.Ne2 
Ke5 41.Ke3 g5 42.hxg5 hxg5 43.Nc1 Nf4 44.Nb3 Nd5+ 45.Kf2 Nc3 46.Ke3 Nb5 
47.a4 Nc3 48.Kd3 Nxa4 49.Nd4 Kd5 50.Nf5 c5 51.Ne3+ Kc6 52.bxc5 Nxc5+ 53.
Kc3 b5 54.Ng2 Ne6 55.Kb4 Kb6 56.Ne3 a5+ 57.Kc3 Kc5 58.Kd3 b4 59.Nc4 Nf4+ 
0-1